Studies on divergent series and summability /

Bibliographic Details
Main Author: Ford, Walter Burton, 1874-
Format: Book
Language:English
Published: New York : The Macmillan Company, 1916.
Series:University of Michigan studies. [Scientific series, v. II]
Subjects:

MARC

Tag First Indicator Second Indicator Subfields
LEADER 00000cam a2200000 4500
001 in00000084057
005 20151008055641.0
008 760310s1916 nyua b 00010 engm
010 |a  16015726  
035 |a (OCoLC)02040890 
035 |9 AAJ4020AM 
040 |a DLC  |c BBH  |d m.c.  |d SER  |d TXA  |d UtOrBLW 
049 |a TXAM  |c [253577] 
050 0 0 |a QA295  |b .F75 
100 1 |a Ford, Walter Burton,  |d 1874- 
245 1 0 |a Studies on divergent series and summability /  |c by Walter Burton Ford. 
264 1 |a New York :  |b The Macmillan Company,  |c 1916. 
300 |a 2 pages ., iii-xi, 194 pages :  |b diagrams ;  |c 28 cm. 
336 |a text  |b txt  |2 rdacontent 
337 |a unmediated  |b n  |2 rdamedia 
338 |a volume  |b nc  |2 rdacarrier 
490 0 |a University of Michigan studies. [Scientific series,  |v v. II] 
500 |a "Michigan science series -- Volume II." 
504 |a Bibliography: pages 148-194. 
650 0 |a Divergent series. 
999 |a MARS 
999 f f |s b8924de6-61cc-31af-8708-ab98ddbbbe59  |i 4e3154cc-3775-32a3-8005-c96840dd179b  |t 0 
952 f f |p ric  |a Texas A&M University  |b Rellis Campus  |c Joint Library Facility  |d Remote Storage  |t 0  |e QA295 .F75  |h Library of Congress classification  |i unmediated -- volume  |m A14836981257 
998 f f |a QA295 .F75  |t 0  |l Remote Storage